[Event "GER-chT U12 Girls"]
[Site "Willingen"]
[Date "2022.08.13"]
[Round "2.1"]
[White "Eger, Nora"]
[Black "Achilles, Rosa"]
[Result "1-0"]
[WhiteElo "1248"]
[BlackElo "1026"]
[PlyCount "131"]
[EventDate "2022.08.13"]
[EventType "team-swiss"]
[EventRounds "7"]
[EventCountry "GER"]
[SourceTitle "EXT 2023"]
[Source "ChessBase"]
[SourceDate "2022.10.05"]
[SourceVersion "1"]
[SourceVersionDate "2022.10.05"]
[SourceQuality "1"]
[WhiteTeam "Altenberg"]
[BlackTeam "Paderborn"]
[WhiteTeamCountry "GER"]
[BlackTeamCountry "GER"]

1. Nf3 Nf6 2. g3 d5 3. Bg2 g6 4. d3 Bg7 5. 0-0 0-0 6. c4 c6 7. cxd5 cxd5 8. d4 Nc6 9. e3 Bg4 10. Nc3 Ne4 11. Qc2 Nf6 12. a3 Re8 13. Ne5 Bf5 14. Nxc6 bxc6 15. Qd2 e5 16. Re1 Bh6 17. Qd1 e4 18. Bd2 Nd7 19. Rc1 Be6 20. Na4 Bf8 21. Rxc6 Nf6 22. Rc1 Rb8 23. b4 Rc8 24. Rxc8 Qxc8 25. Qc1 h5 26. Qxc8 Rxc8 27. Nc5 Bf5 28. Rc1 Kh7 29. a4 Nd7 30. a5 Kh6 31. Rb1 g5 32. Nxd7 Bxd7 33. b5 Rb8 34. b6 a6 35. Bf1 Bd6 36. Bxa6 f6 37. Bf1 Bc6 38. a6 g4 39. a7 Ra8 40. b7 Rxa7 41. b8Q Bxb8 42. Rxb8 Ra1 43. Kg2 Bd7 44. Rd8 Bf5 45. Rxd5 Kg6 46. Bb4 Be6 47. Rd8 Bb3 48. Be2 Kg5 49. d5 h4 50. gxh4+ Kxh4 51. Rh8+ Kg5 52. d6 Ra7 53. Rc8 Ba4 54. Rc5+ f5 55. Bb5 Bxb5 56. Rxb5 Rd7 57. Rb8 Kf6 58. Kg3 Ke6 59. Kf4 Rxd6 60. Bxd6 Kxd6 61. Kxf5 Kc7 62. Re8 Kd7 63. Rxe4 Kd6 64. Kxg4 Kd5 65. Kf5 Kd6 66. h4 1-0

[Event "GER-ch U12 Girls"]
[Site "Willingen"]
[Date "2021.08.29"]
[Round "9"]
[White "Eger, Nora"]
[Black "Schube, Theresa"]
[Result "1-0"]
[WhiteElo "1281"]
[BlackElo "1262"]
[PlyCount "65"]
[EventDate "2021.08.22"]
[EventType "swiss"]
[EventRounds "9"]
[EventCountry "GER"]
[SourceTitle "EXT 2022"]
[Source "ChessBase"]
[SourceDate "2021.10.06"]
[SourceVersion "1"]
[SourceVersionDate "2021.10.06"]
[SourceQuality "1"]

1. Nf3 d5 2. g3 Nf6 3. Bg2 Nbd7 4. 0-0 e5 5. d3 Bd6 6. Nbd2 0-0 7. e4 c6 8. h3 Re8 9. Nh2 Nb6 10. f4 Qc7 11. f5 Na4 12. Qe2 Qb6+ 13. Kh1 Bc5 14. Nb3 Nd7 15. Nxc5 Ndxc5 16. Qh5 Qb4 17. f6 dxe4 18. fxg7 Be6 19. c3 Nxc3 20. bxc3 Qxc3 21. Be3 exd3 22. Bxc5 Qxc5 23. Be4 f5 24. Bxf5 Bxf5 25. Rxf5 Qd5+ 26. Kg1 Re7 27. Raf1 d2 28. Ng4 Qd4+ 29. Kh2 Rxg7 30. Nh6+ Kh8 31. Rf8+ Rg8 32. Nf7+ Kg7 33. Qh6# 1-0

[Event "GER-chT U14 Girls"]
[Site "Willingen"]
[Date "2021.06.24"]
[Round "1.9"]
[White "Eger, Nora"]
[Black "Gruber, Florentine"]
[Result "0-1"]
[WhiteElo "1104"]
[BlackElo "988"]
[PlyCount "170"]
[EventDate "2021.06.23"]
[EventType "team-swiss"]
[EventRounds "7"]
[EventCountry "GER"]
[SourceTitle "EXT 2022"]
[Source "ChessBase"]
[SourceDate "2021.10.06"]
[SourceVersion "1"]
[SourceVersionDate "2021.10.06"]
[SourceQuality "1"]
[WhiteTeam "Altenberg"]
[BlackTeam "Paderborn"]
[WhiteTeamCountry "GER"]
[BlackTeamCountry "GER"]

1. e4 e6 2. d4 d5 3. Nc3 dxe4 4. Nxe4 Nd7 5. Nf3 Ngf6 6. Bg5 Be7 7. Bxf6 Nxf6 8. Bd3 0-0 9. 0-0 b6 10. c3 Bb7 11. Re1 Nxe4 12. Bxe4 Bxe4 13. Rxe4 Qd5 14. Re5 Qd6 15. Qd3 c5 16. Rae1 Bf6 17. Rh5 h6 18. d5 Rad8 19. Rd1 Rfe8 20. Re1 e5 21. c4 Re7 22. Re4 a6 23. b3 b5 24. Qe3 Rde8 25. Rg4 Kf8 26. h4 Rb7 27. Qe4 bxc4 28. bxc4 Rb2 29. a3 Rb3 30. a4 Ra3 31. a5 Rxa5 32. g3 Ra1+ 33. Kg2 a5 34. Qd3 Qe7 35. Nd2 a4 36. Qc2 Ra8 37. Re4 a3 38. Nb3 Re1 39. Rxe1 a2 40. Qe2 e4 41. Qf1 Ra3 42. Na1 Bc3 43. Re3 Qb7 44. Qc1 Bb2 45. Qd1 Rxe3 46. fxe3 Bxa1 47. Qxa1 Qb1 48. Qxb1 axb1Q 49. d6 Qa2+ 50. Kh3 Qxc4 51. Re5 Qd3 52. Rxc5 Qxd6 53. Rc8+ Ke7 54. Ra8 g5 55. hxg5 hxg5 56. Rg8 f6 57. Rg7+ Ke6 58. Rg8 Qd3 59. Re8+ Kf5 60. g4+ Kg6 61. Rg8+ Kf7 62. Rb8 Qxe3+ 63. Kg2 Qf3+ 64. Kg1 Qg3+ 65. Kf1 Qxb8 66. Ke2 Qf4 67. Kd1 e3 68. Ke2 Qf2+ 69. Kd3 e2 70. Kc4 e1R 71. Kd5 Qd2+ 72. Kc4 Rc1+ 73. Kb3 Qb2+ 74. Kxb2 Rg1 75. Kc2 Rxg4 76. Kd3 f5 77. Ke3 Re4+ 78. Kf3 g4+ 79. Kg3 Kg6 80. Kf2 f4 81. Kg2 f3+ 82. Kg3 Kg5 83. Kf2 Re2+ 84. Kf1 g3 85. Kg1 Re1# 0-1